Đồng dao và trò chơi truyền thông

Αποθηκεύτηκε σε:
Λεπτομέρειες βιβλιογραφικής εγγραφής
Άλλοι συγγραφείς: Huỳnh, Ngọc Trảng (Chủ biên), Lê, Hải Đăng (Sưu tầm và biên soạn), Lê, Hồng Hải (Sưu tầm và biên soạn), Nguyễn, Thanh Lợi (Sưu tầm và biên soạn), Nguyễn, Thế Sang (Sưu tầm và biên soạn), Trần, Đức Sơn (Sưu tầm và biên soạn), Trần, Tuấn Anh (Sưu tầm và biên soạn)
Μορφή: Βιβλίο
Έκδοση: Thành phố Hồ Chí Minh Văn hóa - Văn nghệ T.P. Hồ Chí Minh 2019
Θέματα:
Ετικέτες: Προσθήκη ετικέτας
Δεν υπάρχουν, Καταχωρήστε ετικέτα πρώτοι!
Thư viện lưu trữ: Trung tâm Học liệu Lê Vũ Hùng, Trường Đại học Đồng Tháp
LEADER 01288pam a22003018a 4500
001 00045888
005 20201023141004.0
008 110429s2005 ||||||Viesd
020 # # |a 9780646858683  |c 175000 
041 0 # |a Vie 
082 1 4 |a 398.809 597  |b Đ455D 
245 0 0 |a Đồng dao và trò chơi truyền thông  |c Huỳnh Ngọc Trảng (chủ biên); .. [và những người khác] 
260 # # |a Thành phố Hồ Chí Minh  |b Văn hóa - Văn nghệ T.P. Hồ Chí Minh  |c 2019 
300 # # |a 524 tr.  |c 24 cm 
653 # # |a Văn hóa dân gian 
653 # # |a Việt Nam 
653 # # |a Trò chơi 
653 # # |a Đồng dao 
700 # # |a Huỳnh, Ngọc Trảng  |e Chủ biên 
700 # # |a Lê, Hải Đăng  |e Sưu tầm và biên soạn 
700 # # |a Lê, Hồng Hải  |e Sưu tầm và biên soạn 
700 # # |a Nguyễn, Thanh Lợi  |e Sưu tầm và biên soạn 
700 # # |a Nguyễn, Thế Sang  |e Sưu tầm và biên soạn 
700 # # |a Trần, Đức Sơn  |e Sưu tầm và biên soạn 
700 # # |a Trần, Tuấn Anh  |e Sưu tầm và biên soạn 
852 # # |j KD.0027360 
910 # # |d 23/10/2020 
980 # # |a Trung tâm Học liệu Lê Vũ Hùng, Trường Đại học Đồng Tháp